[Event "USA ch 2010 women"]
[Site "St Louis USA"]
[Date "2010.07.11"]
[Round "2.5"]
[White "Zenyuk, Iryna"]
[Black "Marshall, Abby"]
[Result "1-0"]
[WhiteElo "2236"]
[BlackElo "2182"]
[PlyCount "108"]
[EventDate "2010.07.10"]
[EventType "tourn"]
[EventRounds "9"]
[EventCountry "USA"]
[EventCategory "3"]
[Source "lmi"]
[SourceDate "2010.07.10"]

1. d4 d5 2. Nf3 Nc6 3. Bf4 Bg4 4. e3 e6 5. Be2 Nf6 6. O-O Bd6 7. Ne5 Bxe2 8.
Qxe2 Bxe5 9. dxe5 Nd7 10. e4 O-O 11. exd5 exd5 12. Nd2 Re8 13. Nf3 f6 14. Rad1
Ndxe5 15. Bxe5 Nxe5 16. Nxe5 Rxe5 17. Qb5 Rb8 18. f4 c6 19. Qc5 Re2 20. Rfe1
Rxe1+ 21. Rxe1 Qb6 22. Qxb6 axb6 23. Re7 Kf8 24. Rc7 Re8 25. Rxb7 Re2 26. Rxb6
Rxc2 27. a4 d4 28. Kf1 Ke7 29. a5 Kd6 30. a6 Rc1+ 31. Ke2 Ra1 32. Kd3 Kc5 33.
Rb7 Rxa6 34. b4+ Kd5 35. Rd7+ Ke6 36. Rxg7 Rb6 37. Kc4 h5 38. Rg3 Ra6 39. Kxd4
Ra2 40. Rh3 Rxg2 41. Rxh5 Rg4 42. Ke4 Rg2 43. Rc5 Kd6 44. h4 Rb2 45. Rc4 Rh2
46. Kf5 Rxh4 47. Kxf6 Kd5 48. Rc5+ Kd6 49. Kg5 Rh1 50. Rc2 Kd5 51. Rc5+ Kd6 52.
Ra5 Rb1 53. Ra4 Kd5 54. f5 Ke5 1-0

[Event "USA ch 2010 women"]
[Site "St Louis USA"]
[Date "2010.07.12"]
[Round "3.1"]
[White "Marshall, Abby"]
[Black "Foisor, Sabina-Francesca"]
[Result "0-1"]
[WhiteElo "2182"]
[BlackElo "2317"]
[PlyCount "128"]
[EventDate "2010.07.10"]
[EventType "tourn"]
[EventRounds "9"]
[EventCountry "USA"]
[EventCategory "3"]
[Source "lmi"]
[SourceDate "2010.07.10"]

1. e4 c5 2. Nf3 g6 3. d4 cxd4 4. Qxd4 Nf6 5. e5 Nc6 6. Qa4 Nd5 7. Qe4 Nb6 8.
Bf4 d5 9. exd6 Bf5 10. Qe2 Bg7 11. Nc3 Bxc3+ 12. bxc3 Nd5 13. Bh6 Qxd6 14. Qd2
O-O-O 15. Be2 f6 16. Be3 Qa3 17. O-O Qxc3 18. Qxc3 Nxc3 19. Bc4 e5 20. a4 Nd5
21. Bc5 Nc7 22. Bb3 Be6 23. Rfe1 Rhe8 24. h3 b6 25. Ba3 Kb7 26. Bb2 Bxb3 27.
cxb3 Rd3 28. Re3 Red8 29. Rae1 Nb4 30. R1e2 Ne6 31. Ba3 Rxe3 32. fxe3 Nc6 33.
Nd2 Rd3 34. Bb2 Nc5 35. a5 Nxb3 36. Ne4 f5 37. Nf2 Rd2 38. Rxd2 Nxd2 39. axb6
axb6 40. Bc3 Ne4 41. Nxe4 fxe4 42. Kf2 b5 43. Ke2 b4 44. Bb2 Kb6 45. Kd1 Kb5
46. Kc2 Kc4 47. Ba1 b3+ 48. Kd2 Nb4 49. Bxe5 Nd3 50. Bg3 b2 51. Kc2 Nb4+ 52.
Kxb2 Kd3 53. Kc1 Ke2 54. Bd6 Nd5 55. g3 Nxe3 56. Bc7 Nf5 57. Kc2 Nd4+ 58. Kc1
e3 59. Be5 Kd3 60. Bxd4 Kxd4 61. Kd1 Ke4 62. Ke2 g5 63. h4 g4 64. h5 h6 0-1

[Event "USA ch 2010 women"]
[Site "St Louis USA"]
[Date "2010.07.12"]
[Round "3.2"]
[White "Marinello, Beatriz M"]
[Black "Zenyuk, Iryna"]
[Result "1-0"]
[WhiteElo "2160"]
[BlackElo "2236"]
[PlyCount "91"]
[EventDate "2010.07.10"]
[EventType "tourn"]
[EventRounds "9"]
[EventCountry "USA"]
[EventCategory "3"]
[Source "lmi"]
[SourceDate "2010.07.10"]

1. d4 Nf6 2. Nf3 g6 3. e3 Bg7 4. Be2 c5 5. O-O O-O 6. b3 cxd4 7. Nxd4 Nc6 8.
Bb2 Nxd4 9. Bxd4 d5 10. c4 Be6 11. Nd2 Qa5 12. c5 Nd7 13. a3 f6 14. b4 Qc7 15.
Nb3 Bf7 16. Bb2 Rfd8 17. Nd4 Ne5 18. Qc2 Nc4 19. Bxc4 dxc4 20. Rfd1 a6 21. Ne2
b6 22. cxb6 Qxb6 23. Bd4 Qc7 24. Nc3 a5 25. Ne4 axb4 26. axb4 Qb7 27. Rxa8 Rxa8
28. Bc3 Qc7 29. Qd2 Bf8 30. Qd4 Bg7 31. h4 h5 32. Nc5 e5 33. Qd2 f5 34. f4 Re8
35. Qb2 Re7 36. Qa1 Kh7 37. Qb2 Be8 38. Rd5 Bc6 39. Bxe5 Qb6 40. Rd6 Bxe5 41.
fxe5 Qc7 42. Ne6 Qb6 43. Ng5+ Kh6 44. Qf2 Qc7 45. Qf4 Kg7 46. Qxc4 1-0

[Event "USA ch 2010 women"]
[Site "St Louis USA"]
[Date "2010.07.12"]
[Round "3.5"]
[White "Rohonyan, Katerina"]
[Black "Baginskaite, Camilla"]
[Result "0-1"]
[WhiteElo "2319"]
[BlackElo "2343"]
[PlyCount "64"]
[EventDate "2010.07.10"]
[EventType "tourn"]
[EventRounds "9"]
[EventCountry "USA"]
[EventCategory "3"]
[Source "lmi"]
[SourceDate "2010.07.10"]

1. d4 Nf6 2. c4 e6 3. Nf3 d5 4. Nc3 Bb4 5. Qa4+ Nc6 6. e3 O-O 7. Bd2 a6 8. a3
Be7 9. Qc2 b6 10. cxd5 exd5 11. Bd3 Bb7 12. Ne5 h6 13. f4 Nxe5 14. fxe5 Ne8 15.
O-O c5 16. Rf2 Nc7 17. Raf1 Ne6 18. Qd1 Bg5 19. Qg4 cxd4 20. exd4 Bxd2 21. Rxd2
Qg5 22. Qxg5 hxg5 23. Bf5 Bc6 24. Rf3 Nf4 25. g3 Ne6 26. Kf2 Rae8 27. Ke3 f6
28. Rdf2 Nxd4 29. e6 Nxf3 30. Kxf3 d4+ 31. Ne4 g6 32. Bxg6 f5 0-1

[Event "USA ch 2010 women"]
[Site "St Louis USA"]
[Date "2010.07.13"]
[Round "4.1"]
[White "Foisor, Sabina-Francesca"]
[Black "Baginskaite, Camilla"]
[Result "1/2-1/2"]
[WhiteElo "2317"]
[BlackElo "2343"]
[PlyCount "105"]
[EventDate "2010.07.10"]
[EventType "tourn"]
[EventRounds "9"]
[EventCountry "USA"]
[EventCategory "3"]
[Source "lmi"]
[SourceDate "2010.07.10"]

1. d4 Nf6 2. c4 e6 3. Nf3 d5 4. Nc3 Bb4 5. cxd5 exd5 6. Bg5 h6 7. Bh4 g5 8. Bg3
Ne4 9. Nd2 Nxg3 10. hxg3 c5 11. a3 cxd4 12. axb4 dxc3 13. bxc3 Be6 14. e3 Nd7
15. Bb5 Qf6 16. Ra3 O-O 17. Bxd7 Bxd7 18. Nf3 Rfc8 19. Qd4 Qxd4 20. Nxd4 Kg7
21. Kd2 a6 22. Ra5 Be6 23. Rha1 Rab8 24. f4 Rd8 25. f5 Bc8 26. Rc5 Rd6 27. g4
Kf6 28. Raa5 b5 29. Rc7 h5 30. Ra1 hxg4 31. Rh1 Bd7 32. Rh6+ Ke5 33. Rxd6 Kxd6
34. Ra7 Rb6 35. Ke2 f6 36. Kf2 Bc8 37. Rf7 Ke5 38. Re7+ Kd6 39. Re8 Bd7 40. Rd8
Rb7 41. Ra8 Rc7 42. Rxa6+ Ke5 43. Ra3 Bxf5 44. Nxb5 Rb7 45. Nd4 Bd7 46. Ke2 Rc7
47. Kd2 f5 48. Ra1 f4 49. Re1 Kf6 50. Rf1 Ke5 51. Re1 Kf6 52. Rf1 Ke5 53. Re1
1/2-1/2

[Event "USA ch 2010 women"]
[Site "St Louis USA"]
[Date "2010.07.13"]
[Round "4.3"]
[White "Melekhina, Alisa"]
[Black "Zatonskih, Anna"]
[Result "0-1"]
[WhiteElo "2265"]
[BlackElo "2470"]
[PlyCount "164"]
[EventDate "2010.07.10"]
[EventType "tourn"]
[EventRounds "9"]
[EventCountry "USA"]
[EventCategory "3"]
[Source "lmi"]
[SourceDate "2010.07.10"]

1. e4 Nf6 2. e5 Nd5 3. d4 d6 4. Nf3 dxe5 5. Nxe5 c6 6. Bc4 g6 7. Nc3 Bg7 8. O-O
O-O 9. Ne4 Nd7 10. f4 N7f6 11. Ng5 e6 12. c3 Qc7 13. Qe1 c5 14. b3 h6 15. Ngf3
cxd4 16. cxd4 Re8 17. Bd2 Bd7 18. Rc1 Qd6 19. Bd3 Rec8 20. Bc4 b5 21. Bd3 Rxc1
22. Bxc1 Be8 23. g4 Ne7 24. Qa5 Nc6 25. Qa6 Rb8 26. g5 Rb6 27. Qa3 Qxa3 28.
Bxa3 Nd5 29. Bc5 Rb7 30. Be4 Rb8 31. Bxd5 exd5 32. h4 Nd8 33. b4 Rb7 34. Nh2
Bd7 35. Nxd7 Rxd7 36. Ng4 hxg5 37. fxg5 Ne6 38. Nf6+ Bxf6 39. gxf6 Rc7 40. Re1
Rc6 41. Re5 Nf4 42. Re8+ Kh7 43. Re7 Rxf6 44. Bxa7 Kh6 45. Kh2 Ra6 46. Rxf7 g5
47. hxg5+ Kxg5 48. Bc5 Kg4 49. a3 Rxa3 50. Rg7+ Kf5 51. Re7 Rd3 52. Re1 Kg4 53.
Rg1+ Kf3 54. Rf1+ Ke4 55. Rf2 Re3 56. Rf1 Rh3+ 57. Kg1 Rg3+ 58. Kh2 Rh3+ 59.
Kg1 Rf3 60. Re1+ Re3 61. Rd1 Nd3 62. Rb1 Re1+ 63. Rxe1+ Nxe1 64. Kf2 Nc2 65.
Ke2 Nxd4+ 66. Kd2 Ne6 67. Ke2 d4 68. Be7 Kd5 69. Kd3 Nf4+ 70. Kd2 Kc4 71. Bd6
Nd5 72. Bf8 Nxb4 73. Bd6 Nd5 74. Bf8 Nc3 75. Bg7 b4 76. Kc2 Na4 77. Bf6 Nc5 78.
Bg7 b3+ 79. Kd1 Kc3 80. Kc1 b2+ 81. Kb1 Nb3 82. Ka2 Kc2 0-1

[Event "USA ch 2010 women"]
[Site "St Louis USA"]
[Date "2010.07.13"]
[Round "4.5"]
[White "Marshall, Abby"]
[Black "Marinello, Beatriz M"]
[Result "1/2-1/2"]
[WhiteElo "2182"]
[BlackElo "2160"]
[PlyCount "99"]
[EventDate "2010.07.10"]
[EventType "tourn"]
[EventRounds "9"]
[EventCountry "USA"]
[EventCategory "3"]
[Source "lmi"]
[SourceDate "2010.07.10"]

1. e4 c6 2. d4 d5 3. exd5 cxd5 4. c4 Nf6 5. Nc3 Nc6 6. Nf3 Bg4 7. cxd5 Nxd5 8.
Qb3 Bxf3 9. gxf3 e6 10. Qxb7 Nxd4 11. Bb5+ Nxb5 12. Qc6+ Ke7 13. Qxb5 Nxc3 14.
bxc3 Qd5 15. Qe2 Rd8 16. O-O Qd3 17. Qe5 Rd5 18. Qc7+ Kf6 19. Qf4+ Qf5 20.
Qxf5+ Kxf5 21. Be3 Ba3 22. Rab1 Rc8 23. Rb7 Kf6 24. Rxa7 Rxc3 25. Rb1 Kg6 26.
Ra4 Bc5 27. Bxc5 Rdxc5 28. Kg2 Rg5+ 29. Rg4 Ra3 30. Rb2 h5 31. Rg3 Kf6 32. f4
Rga5 33. Rxa3 Rxa3 34. h4 g6 35. f3 Kf5 36. Kg3 Ra5 37. Rc2 f6 38. Rb2 e5 39.
fxe5 fxe5 40. Rc2 Ra3 41. Re2 Ra4 42. Rb2 g5 43. hxg5 h4+ 44. Kh3 Kxg5 45. Rg2+
Kf5 46. Rg8 Rxa2 47. Kxh4 Kf4 48. Rf8+ Ke3 49. Re8 Kd4 50. Rd8+ 1/2-1/2

[Event "USA ch 2010 women"]
[Site "St Louis USA"]
[Date "2010.07.14"]
[Round "5.1"]
[White "Marinello, Beatriz M"]
[Black "Foisor, Sabina-Francesca"]
[Result "0-1"]
[WhiteElo "2160"]
[BlackElo "2317"]
[PlyCount "96"]
[EventDate "2010.07.10"]
[EventType "tourn"]
[EventRounds "9"]
[EventCountry "USA"]
[EventCategory "3"]
[Source "lmi"]
[SourceDate "2010.07.10"]

1. d4 d5 2. e3 Nf6 3. Nf3 c6 4. Be2 Bf5 5. O-O e6 6. c4 Bd6 7. Qb3 Qc8 8. Nc3
Nbd7 9. cxd5 exd5 10. Bd2 Qb8 11. Rac1 O-O 12. h3 Ne4 13. Nxe4 dxe4 14. Nh4 Be6
15. Bc4 Bxc4 16. Qxc4 Nb6 17. Qe2 f5 18. g3 Qe8 19. f4 exf3 20. Qxf3 g6 21. g4
Qe7 22. Ng2 Rae8 23. h4 Nd5 24. g5 Qe4 25. a3 f4 26. Rce1 Qd3 27. e4 Qxd2 28.
exd5 Qxd4+ 29. Kh1 Qxd5 30. Rd1 Qxf3 31. Rxf3 Re6 32. Kg1 Bc5+ 33. Kf1 Rd6 34.
Re1 Rd2 35. b4 Bd6 36. Re4 Rd5 37. Ke2 Re5 38. Kd3 Rff5 39. Rc4 Kf7 40. Rfxf4
Rd5+ 41. Rfd4 Ke6 42. Ne3 Rxd4+ 43. Rxd4 Rf4 44. Re4+ Rxe4 45. Kxe4 Bg3 46. Ng2
b5 47. Kd4 Kd6 48. Ke4 Bf2 0-1

[Event "USA ch 2010 women"]
[Site "St Louis USA"]
[Date "2010.07.17"]
[Round "7.4"]
[White "Baginskaite, Camilla"]
[Black "Zenyuk, Iryna"]
[Result "0-1"]
[WhiteElo "2343"]
[BlackElo "2236"]
[PlyCount "92"]
[EventDate "2010.07.10"]
[EventType "tourn"]
[EventRounds "9"]
[EventCountry "USA"]
[EventCategory "3"]
[Source "lmi"]
[SourceDate "2010.07.10"]

1. d4 Nf6 2. c4 c5 3. d5 b5 4. cxb5 a6 5. b6 g6 6. Nc3 Qxb6 7. Nf3 d6 8. Nd2
Nbd7 9. e4 Bg7 10. Be2 O-O 11. O-O Qc7 12. f4 Bb7 13. Nc4 Nb6 14. a4 Rae8 15.
a5 Nxc4 16. Bxc4 e6 17. Qf3 Nxe4 18. Nxe4 exd5 19. Bxd5 Bxd5 20. Nf6+ Bxf6 21.
Qxd5 Qd7 22. f5 Bd4+ 23. Kh1 Re5 24. Qc4 Rxf5 25. Qxa6 Re8 26. Bf4 Bxb2 27.
Rad1 d5 28. g4 Rxf4 29. Rxf4 Be5 30. Rff1 d4 31. Qc4 Qc6+ 32. Kg1 Re7 33. Rde1
Qd6 34. Re2 d3 35. Rd2 Bd4+ 36. Kg2 Qc7 37. Qxd3 Qxa5 38. Re2 Qa8+ 39. Rf3
Rxe2+ 40. Qxe2 Qd5 41. Qb5 Kg7 42. h3 Qe6 43. Qd3 Qd5 44. Qb5 h5 45. gxh5 Qg5+
46. Kf1 Qg1+ 0-1

[Event "USA ch 2010 women"]
[Site "St Louis USA"]
[Date "2010.07.18"]
[Round "8.3"]
[White "Marshall, Abby"]
[Black "Baginskaite, Camilla"]
[Result "0-1"]
[WhiteElo "2182"]
[BlackElo "2343"]
[PlyCount "104"]
[EventDate "2010.07.10"]
[EventType "tourn"]
[EventRounds "9"]
[EventCountry "USA"]
[EventCategory "3"]
[Source "lmi"]
[SourceDate "2010.07.10"]

1. e4 c5 2. Nf3 d6 3. d4 cxd4 4. Nxd4 Nf6 5. Nc3 a6 6. Qf3 g6 7. h3 Qb6 8. Nb3
Bg7 9. Be3 Qc7 10. O-O-O Nc6 11. g4 Be6 12. Qg2 h5 13. gxh5 Nxh5 14. Nd4 Nxd4
15. Bxd4 Bxd4 16. Rxd4 Rc8 17. a3 Qc5 18. Rd2 Qe5 19. Qf3 Nf4 20. h4 g5 21. Nd5
Bxd5 22. exd5 Rxh4 23. Rxh4 gxh4 24. Qg4 Rc5 25. Kb1 Qe1+ 26. Rd1 Qxf2 27. c4
Qg3 28. Qf5 Qg6 29. Qxg6 fxg6 30. Rc1 h3 31. b4 Rc8 32. Rc2 Kf7 33. c5 dxc5 34.
bxc5 Rxc5 35. Rxc5 h2 36. Bg2 Nxg2 37. Rc1 Nh4 38. Rh1 Nf3 39. Kc2 Kf6 40. Kd3
Kf5 41. Ke2 Kf4 42. Kf2 g5 43. Rb1 g4 44. Rb4+ Kg5 45. Kg2 g3 46. Rxb7 Ne1+ 47.
Kh1 Nd3 48. Kg2 Nf2 49. Rb1 Kf4 50. Rb4+ Ke5 51. Kxg3 h1=Q 52. Kxf2 Qxd5 0-1

[Event "USA ch 2010 women"]
[Site "St Louis USA"]
[Date "2010.07.19"]
[Round "9.3"]
[White "Baginskaite, Camilla"]
[Black "Marinello, Beatriz M"]
[Result "1-0"]
[WhiteElo "2343"]
[BlackElo "2160"]
[PlyCount "109"]
[EventDate "2010.07.10"]
[EventType "tourn"]
[EventRounds "9"]
[EventCountry "USA"]
[EventCategory "3"]
[Source "lmi"]
[SourceDate "2010.07.10"]

1. d4 Nf6 2. c4 e5 3. dxe5 Ne4 4. Nd2 Bb4 5. Ngf3 Nc6 6. a3 Nxd2 7. Nxd2 Bxd2+
8. Bxd2 Nxe5 9. Bc3 d6 10. c5 O-O 11. cxd6 Re8 12. e3 cxd6 13. Qd4 f6 14. O-O-O
Be6 15. Bb5 Nc6 16. Qh4 Qc7 17. Bd3 h6 18. Bc4 Ne5 19. Bxe6+ Rxe6 20. Qd4 Rc8
21. Qxa7 Qc6 22. Rhg1 Nc4 23. Qd4 Nxa3 24. Qd5 Kf7 25. Qxc6 Rxc6 26. Rd5 Nc4
27. Rgd1 Re7 28. R1d4 Rec7 29. Kb1 Ke6 30. e4 Rd7 31. Kc2 Rdc7 32. Kd3 Ne5+ 33.
Ke2 Nc4 34. Rb5 Rc5 35. Rxc5 Rxc5 36. f4 Rc6 37. g4 b6 38. Rd5 Rc5 39. Rd4 Rc6
40. Kd3 b5 41. b3 Nb6 42. Rb4 Nd7 43. Rxb5 Nc5+ 44. Ke3 Nxe4 45. Bd4 Nc5 46. b4
Nd7 47. f5+ Ke7 48. Rb7 Rc2 49. b5 Rxh2 50. b6 Rh3+ 51. Ke4 Rh4 52. Kd5 Rh1 53.
Rc7 Rb1 54. b7 Rb5+ 55. Kc6 1-0